| 000 | 01546nam0a2200373 4500 | ||
|---|---|---|---|
| 001 | RU\NLR\bibl\246426 | ||
| 005 | 20260407142051.0 | ||
| 010 |
_a5-16-000555-2 _96000 |
||
| 021 |
_aRU _b2001-57311 _92790 |
||
| 035 | _a(NLR Aleph) 000242272 | ||
| 090 |
_a1412201 _c1412201 |
||
| 100 | _a20020320d2001 |||y0rusy50 ca | ||
| 101 | 0 | _arus | |
| 102 | _aRU | ||
| 105 | _ay ||||||||| | ||
| 200 | 1 |
_aУправление организацией _eЭнцикл. слов. _fМ-во образования Рос. Федерации, Гос. ун-т упр. _gПод ред. чл.-корр. РАН, проф. А. Г. Поршнева и др. |
|
| 210 |
_aМ. _cИНФРА-М _d2001 |
||
| 215 |
_aX,821 с. _d26 |
||
| 320 | _aБиблиогр. в конце кн. (68 назв.) | ||
| 606 | 0 |
_aОрганизации _jЭнциклопедии _xУправление _92081403 _3RU\NLR\auth\661257382 |
|
| 610 | 0 | _aОрганизация управления - Словари | |
| 675 |
_a338.24(031) _v3 _zrus |
||
| 686 |
_a06.75 _2rugasnti |
||
| 686 |
_a65.050я2 _2rubbk |
||
| 686 | _aУ21(0)91я20 | ||
| 702 | 1 |
_4340 _7ca _8rus _aПоршнев _bА. Г. _f1937- _gАнатолий Георгиевич _9114376 _3RU\NLR\auth\774395 |
|
| 712 | 0 | 2 |
_4570 _aГосударственный университет управления _cМосква _9520215 _3RU\NLR\AUTH\8810011254 |
| 801 | 0 |
_aRU _bRKP _c20020320 _gPSBO |
|
| 801 | 1 |
_aRU _bRKP _c20020320 |
|
| 801 | 2 |
_aRU _bNLR _c20071002 _grcr |
|
| 942 | _cBOOK | ||
| 980 | _aNB | ||